Alle Elemente mit P - Statistiken

Allgemein
  • Dieses Quiz wurde 75 mal gespielt
  • Das Durchschnittsergebnis liegt bei 5 aus 8
Antwortstatistiken
Hint Antwort % Korrekt
2 Phosphor
87%
3 Platin
80%
4 Plutonium
74%
1 Palladium
72%
5 Polonium
67%
6 Praseodym
43%
7 Promethium
39%
8 Protactinium
37%
Keine übereinstimmenden Quizze gefunden
Verteilung der Resultate
Anzahl Personen mit jedem Resultat
Perzentil nach korrekt beantworteten Fragen
Ihre Resultats-Entwicklung
Sie haben dieses Quiz noch nicht gespielt